[Event "Super Elite I"]
[Site "SchemingMind.com"]
[Date "2023.12.19"]
[Round "-"]
[White "Ilang"]
[Black "chesshub"]
[Result "1/2-1/2"]
[WhiteCountry "HUN"]
[BlackCountry "FRA"]
[WhiteElo "2484"]
[WhiteRD "68"]
[BlackElo "2528"]
[BlackRD "68"]
[GameID "740327"]

1. e4 c5 2. Nf3 d6 3. d4 cxd4 4. Nxd4 Nf6 5. Nc3 a6 6. f3 e5 7. Nb3 Be6 8. Be3 h5 9. Qd2 Nbd7 10. Nd5 Bxd5
11. exd5 g6 12. O-O-O Nb6 13. Kb1 Nfxd5 14. Bg5 Be7 15. Bxe7 Qxe7 16. c4 Nf6 17. Qxd6 Qxd6 18. Rxd6 Nbd7 19. Na5 Ke7 20. Rd1 Rab8
21. Bd3 Rhc8 22. Rhe1 b6 23. Nb3 Kf8 24. Nc1 h4 25. a3 Kg7 26. Bf1 a5 27. Na2 Re8 28. Nc3 Nc5 29. Ka2 e4 30. b4 axb4
31. axb4=
1/2-1/2

[Event "Super Elite I"]
[Site "SchemingMind.com"]
[Date "2023.12.19"]
[Round "-"]
[White "chesshub"]
[Black "Ilang"]
[Result "1/2-1/2"]
[WhiteCountry "FRA"]
[BlackCountry "HUN"]
[WhiteElo "2528"]
[WhiteRD "68"]
[BlackElo "2484"]
[BlackRD "68"]
[GameID "740328"]

1. d4 Nf6 2. c4 e6 3. Nf3 d5 4. Nc3 Bb4 5. Qa4+ Nc6 6. e3 O-O 7. Qc2 Re8 8. Bd2 a6 9. a3 Bd6 10. h3 h6
11. g4 b5 12. c5 Bf8 13. Bg2 e5 14. dxe5 Nxe5 15. Nxe5 Rxe5 16. O-O-O c6 17. e4 d4 18. Be3 Rxc5 19. Rxd4 Qe8 20. Rhd1 Be6
21. Kb1 Rc4 22. f4 Rxd4 23. Bxd4 Rb8 24. Be5 Rd8 25. Bc7 Rxd1+ 26. Qxd1 b4 27. axb4 Bxb4 28. Kc2 Bd7 29. Qd3 a5=
1/2-1/2

[Event "Super Elite I"]
[Site "SchemingMind.com"]
[Date "2023.12.18"]
[Round "-"]
[White "chesshub"]
[Black "The Chess Machine"]
[Result "1/2-1/2"]
[WhiteCountry "FRA"]
[BlackCountry "ENG"]
[WhiteElo "2528"]
[WhiteRD "68"]
[BlackElo "2513"]
[BlackRD "63"]
[GameID "740329"]

1. Nf3 c5 2. c4 Nc6 3. Nc3 e5 4. e3 Nf6 5. d4 e4 6. d5 exf3 7. dxc6 dxc6 8. Qxd8+ Kxd8 9. gxf3 g6 10. b3 Bg7
11. Bb2 b6 12. O-O-O+ Ke7 13. Bd3 Bh3 14. Rhg1 Rhd8 15. Kc2 Rd7 16. Bc1 Rad8 17. Ne2 Bh6 18. Nc3 Bg7= 19. Ne2 Bh6 20. Rd2 Rd6
21. Nc3 Bg7 22. Rg3 Be6 23. h4 R6d7 24. Rg1 h5 25. Ne2 Ne8 26. Nf4 Bf6 27. Rh1 Ng7 28. Be4 Bf5 29. Rxd7+ Rxd7 30. Bd2 Be5
31. Nd3 Bf6 32. Nf4 Be5 33. Nd3 Bf6=
1/2-1/2

[Event "Super Elite I"]
[Site "SchemingMind.com"]
[Date "2023.12.18"]
[Round "-"]
[White "The Chess Machine"]
[Black "chesshub"]
[Result "1/2-1/2"]
[WhiteCountry "ENG"]
[BlackCountry "FRA"]
[WhiteElo "2513"]
[WhiteRD "63"]
[BlackElo "2528"]
[BlackRD "68"]
[GameID "740330"]

1. d4 Nf6 2. c4 e6 3. Nc3 Bb4 4. f3 c5 5. d5 O-O 6. e4 d6 7. Ne2 b5 8. Nf4 exd5 9. Nxd5 Nxd5 10. Qxd5 Qb6
11. cxb5 Bb7 12. Qd2 d5 13. a3 Bxc3 14. Qxc3 d4 15. Qb3 Nd7 16. Bc4 Ne5 17. O-O Bc8 18. a4 Nxc4 19. Qxc4 Be6 20. Qd3=
1/2-1/2

[Event "Super Elite I"]
[Site "SchemingMind.com"]
[Date "2023.12.20"]
[Round "-"]
[White "chesshub"]
[Black "Ramesh Panwar"]
[Result "1-0"]
[WhiteCountry "FRA"]
[BlackCountry "IND"]
[WhiteElo "2550"]
[WhiteRD "77"]
[BlackElo "2463"]
[BlackRD "101"]
[GameID "740331"]

1. e4 e5 2. Nf3 Nc6 3. Bc4 Nf6 4. d3 Bc5 5. O-O d6 6. c3 a5 7. Re1 O-O 8. h3 h6 9. Bb5 Bd7 10. Nbd2 Re8
11. Nf1 d5 12. exd5 Nxd5 13. Ng3 Nde7 14. Bc4 Ng6 15. Qb3 Re7 16. a4 Rb8 17. Bd2 Ba7 18. Be3 Bxe3 19. Rxe3 Qe8 20. d4 exd4
21. cxd4 Rxe3 22. fxe3 Nb4 23. e4 Qe7 24. Rf1 Be6 25. Nd2 Rd8 26. Nf5 Qd7 27. Kh1 Nh8 28. Nf3 Bxf5 29. exf5 Kh7 30. f6 gxf6
31. Nh4 Qxd4 32. Nf5 Qe4 33. Qc3 Rg8 34. Rf3 Rg6 35. h4 h5 36. Rf2 c6 37. Be2 Nd5 38. Qd2 Qb4 39. Bd3 Qxa4 40. g3 Qg4=
41. Qe1 a4 42. Kh2 Qb4 43. Qe2 Qg4 44. Qe1 Qb4 45. Qe2 Qg4 46. Qxg4 Rxg4 47. Ne3+ Kg7 48. Nxg4 Ng6 49. Bc4 Nge7 50. Bxd5 Nxd5
51. Kh3 hxg4+ 52. Kxg4 Ne3+ 53. Kf4 Nc4 54. g4 b5 55. h5 Nd6 56. Rd2
1-0

[Event "Super Elite I"]
[Site "SchemingMind.com"]
[Date "2023.12.19"]
[Round "-"]
[White "Ramesh Panwar"]
[Black "chesshub"]
[Result "1/2-1/2"]
[WhiteCountry "IND"]
[BlackCountry "FRA"]
[WhiteElo "2509"]
[WhiteRD "98"]
[BlackElo "2541"]
[BlackRD "71"]
[GameID "740332"]

1. e4 c5 2. Nf3 d6 3. d4 cxd4 4. Nxd4 Nf6 5. Nc3 a6 6. Be3 e5 7. Nb3 Be6 8. f4 exf4 9. Bxf4 Nc6 10. Qe2 Rc8
11. Qd2 Be7 12. O-O-O Ne5 13. Nd4 O-O 14. Nxe6 fxe6 15. g3 Qb6 16. Qd4 Qxd4 17. Rxd4 Kf7 18. h4 h6 19. Be2 Nc6 20. Rdd1 Ne5
21. a4 Rc6 22. Rhf1 Kg8 23. Rd4 Rfc8 24. Rfd1 Kf8 25. Kb1 Nfd7 26. R4d2 Nf6 27. Rd4 R8c7 28. Rf1 Ke8 29. Rfd1 Nfd7 30. R4d2 Rb6
31. Kc1 Rbc6 32. Kb1 Rb6 33. Kc1=
1/2-1/2

[Event "Super Elite I"]
[Site "SchemingMind.com"]
[Date "2023.12.20"]
[Round "-"]
[White "chesshub"]
[Black "Keithk"]
[Result "1/2-1/2"]
[WhiteCountry "FRA"]
[BlackCountry "ENG"]
[WhiteElo "2550"]
[WhiteRD "77"]
[BlackElo "2552"]
[BlackRD "66"]
[GameID "740333"]

1. c4 e5 2. g3 Nf6 3. Bg2 d5 4. cxd5 Nxd5 5. Nc3 Nb6 6. Nf3 Nc6 7. O-O Be7 8. b3 O-O 9. Bb2 Re8 10. Rc1 Bf5
11. d3 f6 12. a3 Qd7 13. Ne4 Rad8 14. Nfd2 Bh3 15. Bxh3 Qxh3 16. b4 Kh8 17. Nf3 a6 18. Qb3 Nd5 19. Nc3 Nb6 20. Ne4 Nd5
21. Ned2 Bf8 22. Rc4 Qe6 23. Rfc1 Rd7 24. Rh4 Nb6 25. Qxe6 Rxe6 26. Re4 Kg8 27. Nb3 Na4 28. Ba1 Nd8 29. d4 exd4 30. Rxd4 Rxd4
31. Nfxd4 Re7 32. Kg2 b6 33. Rc2 c6 34. f4 Rc7 35. Kf3 Kf7 36. g4 c5 37. e3 Nb7 38. bxc5 Nbxc5 39. h4 h6 40. h5 Ne6
41. Rd2 b5 42. Nxe6 Kxe6 43. Rd8 Bxa3 44. Ra8 Bb2 45. Bxb2 Nxb2 46. Rxa6+ Kd5 47. Ra2 Na4 48. Nd4 Nc3 49. Rd2 Kc4 50. Ne6 Re7
51. Rd4+ Kb3 52. Nc5+ Ka3 53. Nd3 Nb1 54. Nc5 Rc7 55. Rd3+ Ka2 56. Na6 Rc4 57. Rd7 b4 58. Nxb4+ Rxb4 59. Rxg7 Nd2+ 60. Ke2 Ne4
61. Kd3 Kb2 62. Rg6 Nc5+ 63. Ke2 Ne4 64. Kd3 Nc5+ 65. Ke2=
1/2-1/2

[Event "Super Elite I"]
[Site "SchemingMind.com"]
[Date "2023.12.19"]
[Round "-"]
[White "Keithk"]
[Black "chesshub"]
[Result "1/2-1/2"]
[WhiteCountry "ENG"]
[BlackCountry "FRA"]
[WhiteElo "2552"]
[WhiteRD "66"]
[BlackElo "2550"]
[BlackRD "77"]
[GameID "740334"]

1. d4 Nf6 2. Nf3 d5 3. Bf4 c5 4. e3 e6 5. c3 Bd6 6. Bb5+ Nc6 7. Bxc6+ bxc6 8. Bxd6 Qxd6 9. Qa4 O-O 10. Nbd2 cxd4
11. exd4 Nh5 12. O-O f6 13. Rae1 g5 14. Re3 a5 15. Rfe1 Nf4 16. Nb3 g4 17. Nfd2 Rb8 18. Qxa5 e5 19. Nc5 Bf5 20. Ndb3 Ra8
21. Qb6 Rxa2 22. Na5 Rc8 23. Nab7 Qe7 24. f3 Raa8 25. dxe5 fxe5 26. fxg4 Bxg4 27. Nd3 Ne2+ 28. Kh1 e4 29. Nf2 Bh5 30. g4 Bg6
31. R3xe2 Rab8 32. Nd1 Rxb7 33. Qa6 Qc7 34. Qa4 Bf7 35. Ne3 Be6 36. Nf5 Qe5 37. Qa6 Rbc7 38. Qb6 Bxf5 39. gxf5 Rg7 40. Rf1 Kh8
41. f6 Rf7 42. Qa6 Qe6 43. Qb6 Rg8 44. c4 Rg6 45. Qd8+ Rg8 46. Qb6 Qh3 47. Rf4 Qh6 48. Rf1 Qh3 49. Rf4 Qh5 50. Rg2 Qd1+
51. Qg1 Qxg1+ 52. Kxg1 Rg6 53. Rxg6 hxg6 54. cxd5 cxd5 55. Kf2 Kg8 56. Ke3 Rb7 57. Rf2 Kf7 58. Kd4 Ke6 59. b3 Rb4+ 60. Kc3 Rb8
61. Kd4 Rb4+ 62. Kc3 Rb8 63. Kd4 Rb4+ 64. Kc3 Rb7 65. Kd4 Rb4+ 66. Kc3 Rb7 67. Kd4 Rb4+ 68. Kc3 Rb7=
1/2-1/2

[Event "Super Elite I"]
[Site "SchemingMind.com"]
[Date "2023.12.19"]
[Round "-"]
[White "chesshub"]
[Black "CapaChess"]
[Result "1/2-1/2"]
[WhiteCountry "FRA"]
[BlackCountry "CUB"]
[WhiteElo "2528"]
[WhiteRD "68"]
[BlackElo "2534"]
[BlackRD "57"]
[GameID "740335"]

1. e4 c6 2. d4 d5 3. e5 c5 4. dxc5 e6 5. a3 Bxc5 6. Qg4 Ne7 7. Nf3 O-O 8. b4 Bb6 9. Bd3 Ng6 10. Bb2 f5
11. Qg3 Bc7 12. Nbd2 Nd7 13. O-O Qe8 14. c4 Nf6 15. Qg5 Ne4 16. Qe3 Bd7 17. Bd4 dxc4 18. Bxc4 Bc6 19. Rfd1 h6 20. Rac1 Rf7
21. h4 Rd7 22. Nb3 a6 23. Nc5 Nxc5 24. Bxc5 Rad8 25. Rxd7 Rxd7 26. h5 Bxf3 27. hxg6 Bd5 28. Qg3 Bxc4 29. Rxc4 f4 30. Qg4 Bxe5
31. a4 Rd5=
1/2-1/2

[Event "Super Elite I"]
[Site "SchemingMind.com"]
[Date "2023.12.19"]
[Round "-"]
[White "CapaChess"]
[Black "chesshub"]
[Result "0-1"]
[WhiteCountry "CUB"]
[BlackCountry "FRA"]
[WhiteElo "2527"]
[WhiteRD "62"]
[BlackElo "2541"]
[BlackRD "67"]
[GameID "740336"]

1. e4 e5 2. Nf3 Nc6 3. Bc4 Bc5 4. d3 Nf6 5. O-O d6 6. a4 O-O 7. a5 h6 8. c3 a6 9. h3 Be6 10. Be3 Bxc4
11. dxc4 Bxe3 12. fxe3 Nxe4 13. Nbd2 Nxd2 14. Nxd2 e4 15. Nxe4 Qe7 16. Rf4 Rae8 17. Qe2 f6 18. Raf1 Nxa5 19. Kh2 Nc6 20. Ng3 Qf7
21. Rg4 g6 22. c5 d5 23. Qd2 Ne5 24. Rh4 h5 25. b3 f5 26. Rd4 Qe7 27. Rxd5 Qh4 28. Ne2 Ng4+ 29. Kg1 Nxe3 30. Rd7 Qe4
31. Rf2 Rf7 32. Rd8 Rxd8 33. Qxd8+ Kg7 34. Nd4 f4 35. Kh2 a5 36. Qg5 c6 37. Kg1 Rf6 38. Kh2 Qd5 39. Qxd5 Nxd5 40. Re2 Nxc3
41. Re1 Rf7 42. h4 Rd7 43. Ne6+ Kf7 44. Ng5+ Kf6 45. Re6+ Kf5 46. Re8 Rd1 47. Rf8+ Kg4 48. Nh3 Rf1 49. Rg8 Ne4 50. Rg7 Kxh4
51. Rxg6 Nf2 52. Nxf2 Rxf2
0-1